| 000 | 01005nam a22002537a 4500 | ||
|---|---|---|---|
| 005 | 20240530110352.0 | ||
| 008 | 141223s2009 le o g 000 0 ara d | ||
| 020 | _a9789953362866 | ||
| 040 | _aEG-CaGPL | ||
| 041 | 0 | _aara | |
| 082 | 0 | 4 |
_221 _a956.708\ _bع إ |
| 100 | 0 | _aعلى عبدالامير علاوى | |
| 245 | 1 | 0 |
_aاحتلال العراق : _bربح الحرب وخسارة السلام / _cعلى عبدالامير علاوى |
| 250 | _aط 2 | ||
| 260 |
_aبيروت : _bالمؤسسة العربية للدراسات والنشر ، _c2009 |
||
| 300 |
_a711 ص : _bصور ؛ _c24 سم |
||
| 651 | 0 | 4 |
_aالعراق _xالاحوال السياسية |
| 651 | 0 | 4 |
_aالعراق _xتاريخ _yالعصر الحديث |
| 651 | 0 | 4 |
_aالعراق _xتاريخ _yالعصر الاسلامى |
| 651 | 0 | 4 |
_aالعراق _xتاريخ _xاحتلال الكويت _yالعصر الحديث |
| 651 | 0 | 4 |
_aالعراق _xازمات |
| 942 |
_2ddc _cBK |
||
| 999 |
_c60092 _d60092 |
||